| 000 | 01320nam a22002657a 4500 | ||
|---|---|---|---|
| 003 | DO-CoUTE | ||
| 005 | 20251016103436.0 | ||
| 008 | 251016b dr ||||| |||| 00| 0 spa d | ||
| 040 |
_aDO-CoUTE _bspa _cDO-CoUTE |
||
| 041 | _aspa | ||
| 092 | _aMB 2024 A95 | ||
| 100 | 1 |
_aAyala Vásquez, José Miguel _eSustentante |
|
| 245 | 1 | 0 |
_aINTEGRACIÓN DE SIMULADORES COMO RECURSOS DIDÁCTICOS EN LA ENSEÑANZA PARA LA ESTIMULACIÓN DEL APRENDIZAJE HACIA LA BIOLOGÍA, NIVEL SECUNDARIO, DISTRITO EDUCATIVO 16-02. AÑO 2024 / _c José Miguel Ayala Vásquez, Yorfi Antonio Santana Núñez ; asesor, Erika De los Santos |
| 260 |
_aCotuí, República Dominicana ; _bUTECO, _c2024 |
||
| 300 |
_a212 paginas : _bImagenes ; _c23cm, _e+ 1 CD-ROM |
||
| 502 | _a Trabajo PostGrado en (Biologia con Orientacion a la Enseñanza ) Universidad Tecnológica del Cibao Oriental, 2024. | ||
| 504 | _aIncluye referencia bibliográfica e índice. | ||
| 650 | 4 | _aIntegracion de simuladores | |
| 700 | 1 |
_a José Miguel Ayala Vásquez _esustentante |
|
| 700 | 1 |
_aYorfi Antonio Santana Núñez _esustentante |
|
| 700 | 1 |
_aErika De los Santos _easesor |
|
| 830 | _aTesis y disertaciones académicas (Universidad Tecnológica del Cibao Oriental) | ||
| 856 | _yHaga Click Aquí para Descargar en Texto Completo | ||
| 942 |
_2ddc _cTH |
||
| 999 |
_c23931 _d23931 |
||